Welcome to CU Library Online Public Access Catalogue (OPAC)

THE RISE OF INDEPENDENT CHURCHES IN HANA (Record no. 7550)

MARC details
000 -LEADER
fixed length control field 00347nam a22001337a 4500
005 - DATE AND TIME OF LATEST TRANSACTION
control field 20250915125746.0
008 - FIXED-LENGTH DATA ELEMENTS--GENERAL INFORMATION
fixed length control field 250915b |||||||| |||| 00| 0 eng d
020 ## - INTERNATIONAL STANDARD BOOK NUMBER
International Standard Book Number 9964781822
050 ## - LIBRARY OF CONGRESS CALL NUMBER
Classification number BR 1463
Item number .G5 RIS
245 ## - TITLE STATEMENT
Title THE RISE OF INDEPENDENT CHURCHES IN HANA
260 ## - PUBLICATION, DISTRIBUTION, ETC.
Place of publication, distribution, etc. ACCRA
Name of publisher, distributor, etc. ASEMPA PUBLISHERS
Date of publication, distribution, etc. c1990
300 ## - PHYSICAL DESCRIPTION
Extent 92p
942 ## - ADDED ENTRY ELEMENTS (KOHA)
Source of classification or shelving scheme Library of Congress Classification
Koha item type Books
Suppress in OPAC No
999 ## -
-- 7550
-- 7550
Holdings
Withdrawn status Lost status Source of classification or shelving scheme Damaged status Not for loan Collection Home library Current library Shelving location Date acquired Total checkouts Full call number Barcode Date last seen Copy number Price effective from Koha item type
    Library of Congress Classification     Non-fiction Undergraduate Library (Christ Temple) Undergraduate Library (Christ Temple) General stacks 09/15/2025   BR1463.G5 RIS ulct00004765 09/15/2025 1 09/15/2025 Books
© 2023-2024 Copyright: Central University Libraries. All Rights Reserved | Created by: Mahone Tech Office